00292nam a2200121Ia 4500008004100000041000900041082001800050100001500068245003000083260004100113300000800154650000800162230718s9999 xx 000 0 und d aEng. a342.57bZAF-I aZafar, M.A 0aIslamic Republic Pakistan aPakistanbkausar law publisherc1997 a239 aLaw